00735nam a2200205 i 450000100060000000300090000600500170001500700030003200800410003510000410007624500420011726000460015930000550020550400320026065000240029265100520031685200220036899900170039095201220040723926ES-MaACL20240505063018.0t|021213s1971 sp ||||1| spa d0 aAnsón, Luis María,d1935-92184913aLa negritud / cLuis María Ansón. aMadrid : bRevista de Occidente, c[1971] a295 p., [16] p. de lám. : bil., map. ; c18 cm. aBibliografía: p. 239-281. 4aRaza negra.9149165 4aÁfrica subsahariana-xCivilización.9165326 aES-MaACLjC-40300 c23926d23926 00104070aATENEOMbATENEOMcDEPO2d2008-01-17eSCl0oC-40300p1024660r2023-02-23 00:00:00w2023-02-23yMONOGRAFIA